banner-ar

ازمة مياه النيل / (Record no. 48029)

MARC details
000 -الفاتح
حقل البيانات ثابتة الطول 00687nam a2200229Ia 4500
008 - عناصر البيانات ثابتة الطول - معلومات عامة
حقل البيانات ثابتة الطول 140319s9999 xx 000 0 ara d
040 ## - مصدر الفهرسة
وكالة الفهرسة الأصلية GCL /
وكالة النسخ GCL
082 04 - رقم تصنيف ديوى العشرى
رقم التصنيف 551.483
رقم المادة ر ا
100 1# - المدخل الرئيسى - إسم شخصى
الإسم الشخصى مصطفى الجبلى
245 10 - بيان العنوان
العنوان ازمة مياه النيل /
بيان المسئوليه,etc مصطفى الجبلى
700 1# - المدخل الاضافى - اسم شخصى
الإسم الشخصى رشدى سعيد
700 1# - المدخل الاضافى - اسم شخصى
الإسم الشخصى محمد ابومندور
700 1# - المدخل الاضافى - اسم شخصى
الإسم الشخصى عبدالله محمد ابراهيم
300 ## - الوصف المادى
التعداد 123 ص
490 ## - بيان السلسلة
عنوان السلسلة الهيئة العامة للاستعلامات
رقم المجلد/ التعيين التسلسلي 0
650 04 - المدخل الاضافى بالموضوع-مصطلح موضوعى
مصطلح موضوعي نهر النيل
650 04 - المدخل الاضافى بالموضوع-مصطلح موضوعى
مصطلح موضوعي الانهار
650 04 - المدخل الاضافى بالموضوع-مصطلح موضوعى
مصطلح موضوعي الجفاف
650 04 - المدخل الاضافى بالموضوع-مصطلح موضوعى
مصطلح موضوعي نهر النيل - فيضانات
942 ## - عناصر المدخل الإضافي( كوها)
مصدر التصنيف او مخطط الترفيف Dewey Decimal Classification
Koha [default] item type كتاب
Holdings
حالة التراجع حالة الفقد حالة تلف ليس للاعارة المكان المؤقت الموقع الحالى تاريخ الاكتساب اجمالي اﻻعارات رقم الطلب الباركود تاريخ اخر مشاهدة تاريخ تفعيل السعر نوع وعاء كوها
        مكتبة القاهرة الكبرى مكتبة القاهرة الكبرى 03/26/2014   551.483\ر ا 115846 03/26/2014 03/26/2014 كتاب

Powered By

EGPV